000 00791nam a2200241Ia 4500
003 OSt
005 20220923223431.0
006 a|||||r|||| 00| 0
007 ta
008 220922b |||||||| |||| 00| 0 hin d
024 _a215,261
037 _cTextual
040 _aARTS
_cARTS
_bhin
041 _2hin
_ahin
082 _aO152,3N144,KT, L1
100 _aरहबर, हंसराज
_9156291
245 0 _aकिस्सा तोता पढाने का
246 _aKissā totā paḍhāne kā
260 _aदिल्ली
_b राजपाल एण्ड संज
_c1971
650 _aहिन्दी साहित्य
_9156264
942 _hO152,3N144,KT, L1
_cTEXL
_2CC
999 _c365170
_d365170